Hogyan utazik az Y és Z generáció? – utazási döntések és szokások, közösségi média befolyása

Bibliographic Details
Main Author: Halász Hanna
Other Authors: Hinek Mátyás
Format: Thesis
Kulcsszavak:digitális média
fenntarthatóság
internethasználat
közösségi média
utazás
Online Access:http://dolgozattar.uni-bge.hu/59943

MARC

LEADER 00000nta a2200000 i 4500
001 dolg59943
005 20260409145758.0
008 260409suuuu hu om 000 hun d
040 |a BGE Dolgozattár Repozitórium  |b hun 
041 |a hu 
100 1 |a Halász Hanna 
245 1 0 |a Hogyan utazik az Y és Z generáció? – utazási döntések és szokások, közösségi média befolyása  |c Halász Hanna  |h [elektronikus dokumentum] 
520 3 |a Szakdolgozatom célja az Y és Z generáció utazási szokásainak vizsgálata a közösségi média által. A dolgozat bemutatja az utazási motivációk, információszerzési csatornák, utazási típusok és a fenntarthatóság fontosságát.A kutatás fókuszcsoportos interjú segítségével kerül ismertetésre, vegyesen Y és Z generációs alanyokkal. Az interjú során leginkább fókuszálva a közösségi média befolyásolási szándékára, főként az influencer általi reklámra. A kutatási részben projektív technika alkalmazása is szerepel, melynek segítségével a résztvevők gondolatait, érzéseit és önálló véleményét ismerhetem meg.A dolgozat végkövetkeztetései arra fókuszálnak, hogy valóban jelentős-e a közösségi média ráhatása a fiatalokra, illetve mi jellemző a fiatalok utazási szokásaira. 
695 |a digitális média 
695 |a fenntarthatóság 
695 |a internethasználat 
695 |a közösségi média 
695 |a utazás 
700 1 |a Hinek Mátyás  |e ths 
856 4 0 |u http://dolgozattar.uni-bge.hu/59943/1/Szakdolgozat%20%286%29.pdf  |z Dokumentum-elérés 
856 4 0 |u http://dolgozattar.uni-bge.hu/59943/2/B%C3%ADr%C3%A1lati%20lap_Hal%C3%A1sz_Hanna_HM.pdf  |z Dokumentum-elérés 
856 4 0 |u http://dolgozattar.uni-bge.hu/59943/3/B%C3%ADr%C3%A1lati%20lap_Halasz_Hanna_LR.pdf  |z Dokumentum-elérés